| 000 | 01481cam a2200265 4500 | ||
|---|---|---|---|
| 001 | ABS67163 | ||
| 008 | 031029n2003 000 0 eng u | ||
| 035 | _a(Sirsi) u124164 | ||
| 100 | _aDelargy, M. | ||
| 245 | _aLand grabbers | ||
| 260 | _c2003 | ||
| 490 |
_aRoof _v28(6) November/December 2003, 18-20(3) |
||
| 520 | _aLooks at the growing band of housing associations that are adding the role of private house builder to that of social landlord, examines the motivation for this development and assesses their performance thus far. Housing associations are starting to buy land, building houses to their own design and integrating a large volume of affordable housing. They are motivated in part by dissatisfaction with planning gain agreements. Lack of land buying and optioning skills disadvantages housing associations vis-à-vis house builders and as long as house builders own and control the land, there will be limits on the new approach. Alternatively they can work with sympathetic landowners such as local authorities or bodies such as English Partnerships. Highlights initiatives by Bourneville Village Trust, Genesis and Emblem Homes. | ||
| 590 | _aABS | ||
| 650 | _aPLANNING GAIN | ||
| 650 | _aLAND PURCHASE | ||
| 650 | _aHOUSING ASSOCIATIONS | ||
| 650 | _aREGISTERED SOCIAL LANDLORDS | ||
| 650 | _aSOCIAL LANDLORDS | ||
| 650 | _aHOUSE BUILDERS | ||
| 650 | _aDEVELOPERS | ||
| 650 | _aLAND OPTIONS | ||
| 690 | _aHOUSING-DEVELOPMENT | ||
| 942 | _n0 | ||
| 999 |
_c73698 _d73698 |
||